| 000 | 00481nam a2200169 4500 | ||
|---|---|---|---|
| 001 | 112821 | ||
| 003 | ES-MaACL | ||
| 005 | 20230906185637.0 | ||
| 007 | t| | ||
| 008 | 061121s1952 sp r ||||1| spa d | ||
| 100 | 1 |
_aMuro Leal, Carmelo. _984612 |
|
| 245 | 1 | 0 |
_aGrmática castellana con prácticas de análisis / _cpor Carmelo Muro Leal. |
| 250 | _a7ª ed. | ||
| 260 |
_aMadrid [etc.] : _bDossat, _c[1952] |
||
| 300 |
_a274 p. ; _c21 cm. |
||
| 852 |
_aES-MaACL _jD-8245 _bR.33069 |
||
| 999 |
_c112821 _d112821 |
||